[Event "CZE-chT2D 1617"]
[Site "Czech Republic"]
[Date "2016.10.30"]
[Round "2.3"]
[White "Pecinka, Martin"]
[Black "Walek, Petr"]
[Result "1-0"]
[WhiteElo "2085"]
[BlackElo "2169"]
[PlyCount "41"]
[EventDate "2016.10.09"]
[EventType "team-tourn"]
[EventRounds "11"]
[EventCountry "CZE"]
[SourceTitle "EXT 2022"]
[Source "ChessBase"]
[SourceDate "2021.10.06"]
[SourceVersion "1"]
[SourceVersionDate "2021.10.06"]
[SourceQuality "1"]
[WhiteTeam "Usti nad Orlici"]
[BlackTeam "Dalesice Pivovar"]
[WhiteTeamCountry "CZE"]
[BlackTeamCountry "CZE"]

1. e4 c5 2. Nc3 Nc6 3. f4 g6 4. Nf3 Bg7 5. Bc4 d6 6. 0-0 Nf6 7. d3 0-0 8. Qe1 e6 9. f5 exf5 10. Qh4 fxe4 11. dxe4 Ng4 12. Bg5 Qd7 13. h3 Nge5 14. Nxe5 Nxe5 15. Bb5 Nc6 16. Nd5 h5 17. Nf6+ Bxf6 18. Bxf6 Qe6 19. Be2 Ne5 20. Bxh5 Nd7 21. Bg4 1-0

[Event "CZE-chT2D 1314"]
[Site "Czech Republic"]
[Date "2014.03.02"]
[Round "9.4"]
[White "Nemec, Zbynek"]
[Black "Pecinka, Martin"]
[Result "1-0"]
[WhiteElo "2182"]
[BlackElo "2083"]
[PlyCount "47"]
[EventDate "2013.11.03"]
[EventType "team-tourn"]
[EventRounds "11"]
[EventCountry "CZE"]
[SourceTitle "EXT 2016"]
[Source "ChessBase"]
[SourceDate "2015.10.08"]
[SourceVersion "1"]
[SourceVersionDate "2015.10.08"]
[SourceQuality "1"]
[WhiteTeam "Hradec Kralove II"]
[BlackTeam "Usti nad Orlici"]
[WhiteTeamCountry "CZE"]
[BlackTeamCountry "CZE"]

1. f4 d5 2. Nf3 Nf6 3. g3 c5 4. Bg2 Nc6 5. 0-0 Bf5 6. d3 e6 7. c3 Be7 8. Qe1 d4 9. Na3 0-0 10. Nc4 Rc8 11. Bd2 b5 12. Nce5 Nxe5 13. Nxe5 Nd5 14. g4 f6 15. gxf5 fxe5 16. fxe5 exf5 17. Qg3 Kh8 18. Kh1 Rc6 19. Qf3 g5 20. Qxd5 Rh6 21. Qxd8 Bxd8 22. cxd4 cxd4 23. Rac1 f4 24. Bb4 1-0

[Event "CZE-chT2D 1213"]
[Site "Czech Republic"]
[Date "2013.02.03"]
[Round "8.4"]
[White "Pecinka, Martin"]
[Black "Machan, Jan"]
[Result "0-1"]
[WhiteElo "2087"]
[BlackElo "2078"]
[PlyCount "52"]
[EventDate "2012.10.14"]
[EventType "team-tourn"]
[EventRounds "11"]
[EventCountry "CZE"]
[SourceTitle "EXT 2016"]
[Source "ChessBase"]
[SourceDate "2015.10.08"]
[SourceVersion "1"]
[SourceVersionDate "2015.10.08"]
[SourceQuality "1"]
[WhiteTeam "Usti nad Orlici"]
[BlackTeam "Polabiny III"]
[WhiteTeamCountry "CZE"]
[BlackTeamCountry "CZE"]

1. e4 e6 2. d4 d5 3. Nc3 Bb4 4. e5 c5 5. a3 Bxc3+ 6. bxc3 Ne7 7. Qg4 Qc7 8. Qxg7 Rg8 9. Qxh7 cxd4 10. Ne2 Nbc6 11. Qd3 Nxe5 12. Qxd4 Nf5 13. Qb4 a5 14. Qb3 Nc4 15. g3 Bd7 16. Bg2 Nh4 17. 0-0 Nxg2 18. Kxg2 e5 19. f3 0-0-0 20. h3 Rh8 21. g4 Rdg8 22. Ng3 f5 23. Rb1 fxg4 24. hxg4 e4 25. fxe4 Rxg4 26. Bf4 Ne3+ 0-1

[Event "CZE-chT2D 1011"]
[Site "Czech Republic"]
[Date "2011.03.27"]
[Round "10"]
[White "Vincze, Roman"]
[Black "Pecinka, Martin"]
[Result "1-0"]
[WhiteElo "2077"]
[BlackElo "2062"]
[PlyCount "95"]
[EventDate "2010.10.17"]
[EventType "team-tourn"]
[EventRounds "11"]
[EventCountry "CZE"]
[SourceTitle "EXT 2012"]
[Source "ChessBase"]
[SourceDate "2011.11.24"]
[SourceVersion "1"]
[SourceVersionDate "2011.11.24"]
[SourceQuality "1"]
[WhiteTeam "Bedrichov"]
[BlackTeam "Usti nad Orlici"]
[WhiteTeamCountry "CZE"]
[BlackTeamCountry "CZE"]

1. d4 Nf6 2. Bg5 Ne4 3. Bf4 c5 4. d5 d6 5. f3 Nf6 6. c4 g6 7. Nc3 Bg7 8. e4 0-0 9. Bd3 e5 10. Be3 Nh5 11. Nge2 Kh8 12. g4 Nf6 13. Qd2 a6 14. Ng3 Bd7 15. a4 Qa5 16. 0-0 h5 17. h3 h4 18. Nge2 Nh7 19. Kh2 Qd8 20. g5 Qc8 21. Ng1 f6 22. f4 f5 23. Qe1 exf4 24. Bxf4 fxe4 25. Bxe4 Rxf4 26. Rxf4 Be5 27. Qxh4 Bf5 28. Nf3 Bxf4+ 29. Qxf4 Qf8 30. Bxf5 Qxf5 31. Qxf5 gxf5 32. Re1 Nd7 33. Re6 Nhf8 34. Rxd6 Re8 35. Kg3 Kg7 36. h4 Re7 37. h5 Nh7 38. Kf4 Nhf8 39. Kxf5 Rf7+ 40. Kg4 Re7 41. Kf4 Rf7+ 42. Ke3 Re7+ 43. Ne4 Nh7 44. Re6 Kf8 45. Rxe7 Kxe7 46. Kf4 b6 47. Kf5 Nhf8 48. g6 1-0

[Event "CZE-chT2D 1011"]
[Site "Czech Republic"]
[Date "2010.10.17"]
[Round "1"]
[White "Cizinsky, Petr"]
[Black "Pecinka, Martin"]
[Result "1/2-1/2"]
[WhiteElo "2148"]
[BlackElo "2062"]
[PlyCount "94"]
[EventDate "2010.10.17"]
[EventType "team-tourn"]
[EventRounds "11"]
[EventCountry "CZE"]
[SourceTitle "EXT 2012"]
[Source "ChessBase"]
[SourceDate "2011.11.24"]
[SourceVersion "1"]
[SourceVersionDate "2011.11.24"]
[SourceQuality "1"]
[WhiteTeam "Polabiny II"]
[BlackTeam "Usti nad Orlici"]
[WhiteTeamCountry "CZE"]
[BlackTeamCountry "CZE"]

1. e4 c6 2. d4 d5 3. Nd2 dxe4 4. Nxe4 Bf5 5. Ng3 Bg6 6. h4 h6 7. Nf3 Nd7 8. h5 Bh7 9. Bd3 Bxd3 10. Qxd3 Qc7 11. Bd2 e6 12. Qe2 0-0-0 13. 0-0-0 Bd6 14. Ne4 Bf4 15. Rh4 Bxd2+ 16. Nexd2 Ne7 17. Nc4 Nf5 18. Rh3 Nb6 19. Nce5 Nd5 20. g3 Kb8 21. c4 Nf6 22. c5 Rhf8 23. g4 Ne7 24. Qd2 Ned5 25. Kb1 Nd7 26. Nc4 Nxc5 27. dxc5 Nf4 28. Nd6 Nxh3 29. Ne5 Ng5 30. Qc2 f5 31. gxf5 exf5 32. f3 Rf6 33. Qc4 f4 34. Rd3 a6 35. Qb4 Nf7 36. Nec4 g5 37. Rb3 Nxd6 38. Nxd6 Rfxd6 39. cxd6 Rxd6 40. a4 Rd1+ 41. Kc2 Qd7 42. a5 c5 43. Qc3 Ra1 44. Qe5+ Ka8 45. Rd3 Qa4+ 46. Rb3 Rh1 47. Qxc5 Rc1+ 1/2-1/2

[Event "CZE-chT2D 0910"]
[Site "Czech Republic"]
[Date "2010.04.18"]
[Round "11.7"]
[White "Danek, Pavel"]
[Black "Pecinka, Martin"]
[Result "1/2-1/2"]
[WhiteElo "1956"]
[BlackElo "2058"]
[PlyCount "23"]
[EventDate "2009.10.18"]
[EventType "team-tourn"]
[EventRounds "11"]
[EventCountry "CZE"]
[SourceTitle "EXT 2012"]
[Source "ChessBase"]
[SourceDate "2011.11.24"]
[SourceVersion "1"]
[SourceVersionDate "2011.11.24"]
[SourceQuality "1"]
[WhiteTeam "Pardubice Bohemia"]
[BlackTeam "Litomysl"]
[WhiteTeamCountry "CZE"]
[BlackTeamCountry "CZE"]

1. d4 Nf6 2. Nf3 e6 3. Bg5 Be7 4. Nbd2 d5 5. e3 0-0 6. Bd3 b6 7. c3 Bb7 8. 0-0 h6 9. Bh4 c5 10. Ne5 Nbd7 11. f4 Rc8 12. Qc2 1/2-1/2

[Event "CZE-chT2D 0910"]
[Site "Czech Republic"]
[Date "2010.03.28"]
[Round "10.7"]
[White "Pecinka, Martin"]
[Black "Hruska, Ondrej"]
[Result "1-0"]
[WhiteElo "2058"]
[BlackElo "1910"]
[PlyCount "29"]
[EventDate "2009.10.18"]
[EventType "team-tourn"]
[EventRounds "11"]
[EventCountry "CZE"]
[SourceTitle "EXT 2012"]
[Source "ChessBase"]
[SourceDate "2011.11.24"]
[SourceVersion "1"]
[SourceVersionDate "2011.11.24"]
[SourceQuality "1"]
[WhiteTeam "Litomysl"]
[BlackTeam "Pelhrimov"]
[WhiteTeamCountry "CZE"]
[BlackTeamCountry "CZE"]

1. e4 c5 2. Nc3 d6 3. f4 e6 4. Nf3 a6 5. a4 Nc6 6. Bc4 g6 7. 0-0 Bg7 8. d3 Nge7 9. Qe1 0-0 10. f5 exf5 11. Qh4 d5 12. exd5 Na5 13. Bg5 f6 14. d6+ Nxc4 15. Qxc4+ 1-0

[Event "Ceska Trebova op 2nd"]
[Site "Ceska Trebova"]
[Date "2006.08.30"]
[Round "6"]
[White "Pecinka, Martin"]
[Black "Jedlicka, Ales"]
[Result "0-1"]
[WhiteElo "2034"]
[BlackElo "2209"]
[PlyCount "56"]
[EventDate "2006.08.26"]
[EventType "swiss"]
[EventRounds "9"]
[EventCountry "CZE"]
[SourceTitle "CBM 114 Extra"]
[Source "ChessBase"]
[SourceDate "2006.11.03"]
[SourceVersion "1"]
[SourceVersionDate "2006.11.03"]
[SourceQuality "1"]

1. e4 c5 2. Nc3 Nc6 3. f4 g6 4. Nf3 Bg7 5. Bc4 d6 6. 0-0 Nf6 7. d3 0-0 8. Qe1 e6 9. e5 Ne8 10. exd6 Nxd6 11. Be3 Nd4 12. Qf2 N6f5 13. Bxd4 cxd4 14. Ne4 Qc7 15. Nfd2 Ne3 16. Rfc1 b6 17. c3 f5 18. Ng5 Qd6 19. Ngf3 Ng4 20. Qe2 Qxf4 21. Bxe6+ Bxe6 22. Qxe6+ Kh8 23. g3 Qh6 24. Nc4 Rae8 25. Qd7 dxc3 26. bxc3 Rd8 27. Qxa7 Rxd3 28. Kg2 b5 0-1

[Event "Ceska Trebova op 2nd"]
[Site "Ceska Trebova"]
[Date "2006.08.27"]
[Round "2"]
[White "Pecinka, Martin"]
[Black "Volodin, Viktor Nikolaevich"]
[Result "0-1"]
[WhiteElo "2034"]
[BlackElo "2257"]
[PlyCount "98"]
[EventDate "2006.08.26"]
[EventType "swiss"]
[EventRounds "9"]
[EventCountry "CZE"]
[SourceTitle "CBM 114 Extra"]
[Source "ChessBase"]
[SourceDate "2006.11.03"]
[SourceVersion "1"]
[SourceVersionDate "2006.11.03"]
[SourceQuality "1"]

1. e4 c5 2. Nc3 Nc6 3. f4 g6 4. Nf3 Bg7 5. Bc4 e6 6. f5 Nge7 7. fxe6 fxe6 8. d3 0-0 9. 0-0 d5 10. Bb3 Na5 11. Bg5 d4 12. Ne2 h6 13. Bh4 Nxb3 14. axb3 Bd7 15. Qd2 Rf7 16. Rf2 g5 17. Bg3 Ng6 18. Raf1 Qe7 19. h3 e5 20. Kh1 b6 21. Nfg1 Raf8 22. Rxf7 Rxf7 23. Qe1 Rxf1 24. Qxf1 Qf7 25. Qxf7+ Kxf7 26. Nf3 a5 27. Be1 g4 28. hxg4 Bxg4 29. Bd2 h5 30. Kg1 Bf6 31. Kf2 Nh4 32. Neg1 Kg6 33. Kg3 Nxf3 34. Nxf3 Bxf3 35. Kxf3 Bg5 36. Be1 Bc1 37. Bh4 b5 38. g4 hxg4+ 39. Kxg4 a4 40. bxa4 bxa4 41. Be7 Bxb2 42. Bxc5 a3 43. Bxa3 Bxa3 44. Kf3 Kg5 45. Ke2 Bb4 46. Kd1 Kf4 47. Kc1 Ke3 48. Kb2 Kd2 49. Kb3 Bc3 0-1

[Event "CZE-ch U16"]
[Site "Zlate Hory"]
[Date "2006.03.16"]
[Round "7"]
[White "Pecinka, Martin"]
[Black "Sirota, Sergej"]
[Result "1/2-1/2"]
[WhiteElo "1742"]
[BlackElo "1810"]
[PlyCount "68"]
[EventDate "2006.03.11"]
[EventType "swiss"]
[EventRounds "9"]
[EventCountry "CZE"]
[SourceTitle "EXT 2008"]
[Source "ChessBase"]
[SourceDate "2007.11.25"]
[SourceVersion "1"]
[SourceVersionDate "2007.11.25"]
[SourceQuality "1"]

1. e4 c6 2. d4 d5 3. Nc3 dxe4 4. Nxe4 Bf5 5. Ng3 Bg6 6. h4 h6 7. Nf3 Nd7 8. h5 Bh7 9. Bd3 Bxd3 10. Qxd3 Ngf6 11. Bd2 Qc7 12. 0-0-0 0-0-0 13. Ne4 e6 14. g3 Nc5 15. Nxc5 Bxc5 16. Qc4 Bd6 17. Qe2 Rhe8 18. Kb1 Kb8 19. c4 c5 20. Bc3 Ka8 21. Ne5 cxd4 22. Bxd4 Rc8 23. b3 Rf8 24. f4 Qe7 25. Rd3 Bc5 26. Rhd1 Bxd4 27. Rxd4 Rcd8 28. g4 Rxd4 29. Rxd4 a6 30. Qd2 Qc5 31. Kb2 Qc7 32. a3 Ka7 33. b4 Rc8 34. Kb3 g6 1/2-1/2

[Event "CZE-ch U16"]
[Site "Sec u Chrudimi"]
[Date "2005.10.28"]
[Round "8"]
[White "Pozdnicek, Richard"]
[Black "Pecinka, Martin"]
[Result "1/2-1/2"]
[WhiteElo "1597"]
[BlackElo "1709"]
[PlyCount "90"]
[EventDate "2005.10.22"]
[EventType "swiss"]
[EventRounds "9"]
[EventCountry "CZE"]
[SourceTitle "EXT 2008"]
[Source "ChessBase"]
[SourceDate "2007.11.25"]
[SourceVersion "1"]
[SourceVersionDate "2007.11.25"]
[SourceQuality "1"]

1. c4 e5 2. Nc3 Nc6 3. g3 g6 4. Bg2 Bg7 5. Nf3 d6 6. 0-0 f5 7. d3 Nf6 8. Bd2 h6 9. Ne1 0-0 10. e4 Be6 11. f4 Rb8 12. Nf3 Kh7 13. Nh4 Ne7 14. Rb1 c6 15. a4 Qc7 16. b4 exf4 17. gxf4 fxe4 18. Nxe4 Nxe4 19. Bxe4 d5 20. cxd5 cxd5 21. Bg2 Rbe8 22. Kh1 Nf5 23. Nf3 Qd6 24. Re1 Bd7 25. b5 Rxe1+ 26. Qxe1 Re8 27. Qd1 Ne3 28. Qg1 Nxg2 29. Qxg2 Bf5 30. Rb3 d4 31. Nh4 Qe6 32. Ra3 Bf8 33. Ra1 Bxd3 34. Qxb7+ Kg8 35. Qxa7 Be4+ 36. Ng2 Qg4 37. Rg1 Bxg2+ 38. Rxg2 Qd1+ 39. Rg1 Qxd2 40. Rxg6+ Kh8 41. Qf7 Re1+ 42. Rg1 Rxg1+ 43. Kxg1 Qe3+ 44. Kh1 Qa3 45. b6 Qf3+ 1/2-1/2

[Event "CZE-ch U16"]
[Site "Sec u Chrudimi"]
[Date "2005.10.27"]
[Round "7"]
[White "Pecinka, Martin"]
[Black "Sladovnik, Tomas"]
[Result "1/2-1/2"]
[WhiteElo "1709"]
[BlackElo "1741"]
[PlyCount "67"]
[EventDate "2005.10.22"]
[EventType "swiss"]
[EventRounds "9"]
[EventCountry "CZE"]
[SourceTitle "EXT 2008"]
[Source "ChessBase"]
[SourceDate "2007.11.25"]
[SourceVersion "1"]
[SourceVersionDate "2007.11.25"]
[SourceQuality "1"]

1. e4 e6 2. d4 d5 3. Nc3 Nf6 4. Bg5 Be7 5. e5 Nfd7 6. Bxe7 Qxe7 7. f4 Nb6 8. Nf3 Bd7 9. Be2 a6 10. 0-0 Nc6 11. a3 Na5 12. b3 c5 13. Qd2 Nc6 14. Kh1 Rc8 15. Bd1 cxd4 16. Nxd4 Qc5 17. Nce2 Nxd4 18. Nxd4 0-0 19. Rf3 f6 20. exf6 Rxf6 21. c3 Rcf8 22. Bc2 Nc8 23. a4 Nd6 24. Qe3 Qc7 25. Raf1 b5 26. g4 Qc8 27. g5 R6f7 28. Bxh7+ Kxh7 29. Rh3+ Kg8 30. g6 e5 31. f5 Nxf5 32. gxf7+ Rxf7 33. Nxf5 Bxf5 34. Rg3 1/2-1/2

[Event "CZE-ch U16"]
[Site "Sec u Chrudimi"]
[Date "2005.10.26"]
[Round "6"]
[White "Palkova, Katerina"]
[Black "Pecinka, Martin"]
[Result "1/2-1/2"]
[WhiteElo "1837"]
[BlackElo "1709"]
[PlyCount "44"]
[EventDate "2005.10.22"]
[EventType "swiss"]
[EventRounds "9"]
[EventCountry "CZE"]
[SourceTitle "EXT 2008"]
[Source "ChessBase"]
[SourceDate "2007.11.25"]
[SourceVersion "1"]
[SourceVersionDate "2007.11.25"]
[SourceQuality "1"]

1. e4 c5 2. Nf3 d6 3. d4 cxd4 4. Qxd4 Nc6 5. Bb5 Bd7 6. Bxc6 Bxc6 7. 0-0 Nf6 8. Nc3 e6 9. Re1 Be7 10. Qd3 0-0 11. Nd4 Qd7 12. f4 Rfd8 13. Nxc6 Qxc6 14. Qe2 Rac8 15. Kh1 Qc4 16. Bd2 Qxe2 17. Rxe2 Kf8 18. Be3 a6 19. Rd1 Rc6 20. Red2 Ke8 21. Bd4 g6 22. a4 Nd7 1/2-1/2